[Event "Skakligaen"]
[Site "Danmark"]
[Date "2019.03.16"]
[Round "8.7"]
[White "Seegert, Kristian"]
[Black "Ramsdal, Jens Albert"]
[Result "1/2-1/2"]
[WhiteElo "2227"]
[BlackElo "2235"]
[EventDate "2018.10.27"]
[EventType "team-tourn"]
[EventRounds "9"]
[EventCountry "Danmark"]
[WhiteTeam "BMS"]
[BlackTeam "SK1968"]
[WhiteTeamCountry "DEN"]
[BlackTeamCountry "DEN"]
[WhiteFideId "1405098"]
[BlackFideId "1429221"]

1. e4 e5 2. Nf3 d6 3. d4 exd4 4. Nxd4 Nf6 5. Nc3 Be7 6. Bd3 O-O 7. O-O c5 8. Nde2 Nc6 9. Nf4 a6 10. a4 Ne5 11. b3 Bd7 12. Bb2 Bc6 13. Re1 Rb8 14. a5 Ne8 15. Nfd5 Nxd3 16. Nxe7+ Qxe7 17. Qxd3 Qg5 18. Re3 Rd8 19. Rd1 f5 20. Qc4+ Kh8 21. Rg3 Qh5 22. Re1 Nf6 23. Nd5 Bxd5 24. exd5 Rde8 25. Rf1 Re7 26. Qf4 Ne4 27. Rh3 Qg5 28. Qxg5 Nxg5 29. Re3 Rxe3 30. fxe3 Kg8 31. Rf4 g6 32. Kf2 Re8 33. Ke2 Re4 34. h4 Rxf4 35. exf4 Ne4 36. Kd3 Kf7 37. b4 cxb4 38. Kc4 Ng3 39. Bc1 Ne4 40. Kxb4 Ke7 41. Be3 Kd7 42. c4 Nf6 43. Bd4 Nh5 44. Be3 Nf6 45. Kc3 Kc7 46. Bb6+ Kd7 47. Kd4 Nh5 48. Ke3 Nf6 49. Kd4 Nh5 50. Ke3 Nf6 51. Kd4  1/2-1/2

[Event "Skakligaen"]
[Site "Danmark"]
[Date "2019.03.16"]
[Round "8.2"]
[White "Papp, Gabor"]
[Black "Bjerre, Jonas Buhl"]
[Result "0-1"]
[WhiteElo "2599"]
[BlackElo "2463"]
[EventDate "2018.10.27"]
[EventType "team-tourn"]
[EventRounds "9"]
[EventCountry "Danmark"]
[WhiteTeam "Koge"]
[BlackTeam "Skanderborg"]
[WhiteTeamCountry "DEN"]
[BlackTeamCountry "DEN"]
[WhiteFideId "718602"]
[BlackFideId "1444948"]

1. e4 c5 2. Nf3 d6 3. d4 cxd4 4. Qxd4 Nc6 5. Bb5 Bd7 6. Qd3 Nf6 7. c4 g6 8. Nc3 Bg7 9. h3 O-O 10. O-O a6 11. Bxc6 Bxc6 12. Nd4 Nd7 13. Be3 Rc8 14. Qd2 Nc5 15. f3 Bd7 16. Rac1 Na4 17. Nxa4 Bxa4 18. b3 Bd7 19. a4 b6 20. Rfd1 Qc7 21. Ne2 f5 22. exf5 Rxf5 23. Nf4 Qb7 24. Nd5 Bc6 25. Nxb6 Rcf8 26. Rf1 a5 27. c5 d5 28. Rcd1 Qc7 29. f4 g5 30. fxg5 Rxf1+ 31. Rxf1 Rxf1+ 32. Kxf1 Qe5 33. Kg1 Qe4 34. Bf2 d4 35. Bg3 d3 36. Nc8 Bc3 37. Nxe7+ Kf7 38. g6+ hxg6 39. Qf2+ Kxe7 40. Bd6+ Ke6  0-1

[Event "Skakligaen"]
[Site "Danmark"]
[Date "2019.03.16"]
[Round "8.3"]
[White "Boe Olsen, Filip"]
[Black "David, Alberto"]
[Result "0-1"]
[WhiteElo "2423"]
[BlackElo "2559"]
[EventDate "2018.10.27"]
[EventType "team-tourn"]
[EventRounds "9"]
[EventCountry "Danmark"]
[WhiteTeam "Skanderborg"]
[BlackTeam "Koge"]
[WhiteTeamCountry "DEN"]
[BlackTeamCountry "DEN"]
[WhiteFideId "1440640"]
[BlackFideId "4000013"]

1. d4 Nf6 2. c4 e6 3. Nc3 d5 4. cxd5 exd5 5. Bg5 c6 6. e3 Be7 7. Qc2 Nbd7 8. Bd3 Nf8 9. Nge2 Ne6 10. Bh4 g6 11. O-O O-O 12. f3 b6 13. Rad1 Bb7 14. Kh1 Rc8 15. Bf2 c5 16. dxc5 Nxc5 17. Nf4 Nxd3 18. Qxd3 Re8 19. Bh4 Nh5 20. Nxh5 Bxh4 21. Nf4 Bf6 22. Ncxd5 Bxb2 23. e4 Be5 24. Ne2 Bxd5 25. exd5 Qd6 26. f4 Bg7 27. Rd2 Rc7 28. Rfd1 Rec8 29. g3 Rc4 30. Kg2 b5 31. Qf3 a5 32. Nd4 Bxd4 33. Rxd4 Rxd4 34. Rxd4 Rc2+ 35. Kh1 Rxa2 36. Qb3 Qc5 37. Qxa2 Qxd4 38. Qxa5 Qxd5+ 39. Kg1 Qd4+ 40. Kg2 b4 41. Qa8+ Kg7 42. Qb7 Qc3 43. h4 b3 44. h5 Qc2+ 45. Kh3 b2 46. Qb8 h6 47. Qe5+ Kh7 48. Qe7 Qf5+ 49. g4 Qxf4 50. Qb7 Qf1+ 51. Kh4 b1=Q  0-1

[Event "Skakligaen"]
[Site "Danmark"]
[Date "2019.03.16"]
[Round "8.8"]
[White "Percivaldi, Martin"]
[Black "Munk, Kai"]
[Result "1-0"]
[WhiteElo "2389"]
[BlackElo "1958"]
[EventDate "2018.10.27"]
[EventType "team-tourn"]
[EventRounds "9"]
[EventCountry "Danmark"]
[WhiteTeam "Koge"]
[BlackTeam "Skanderborg"]
[WhiteTeamCountry "DEN"]
[BlackTeamCountry "DEN"]
[WhiteFideId "1508148"]
[BlackFideId "1406949"]

1. Nf3 Nf6 2. g3 g6 3. Bg2 Bg7 4. d4 d5 5. c4 c6 6. O-O O-O 7. Qb3 e6 8. Nc3 Nbd7 9. Bf4 Qb6 10. c5 Qxb3 11. axb3 b6 12. cxb6 Nxb6 13. Bd6 Re8 14. Ra5 Nfd7 15. Rfa1 a6 16. e3 Bf8 17. Bxf8 Kxf8 18. Bf1 Nb8 19. Na2 Re7 20. Ne5 Rea7 21. Nb4 Bb7 22. Rc1 N6d7 23. Ned3 Ke7 24. g4 g5 25. Be2 Kd6 26. h4 h6 27. Kg2 Bc8 28. hxg5 hxg5 29. Rh1 Rc7 30. Rh7 f6 31. Nc5 Rca7 32. Rf7 e5 33. f3 Nxc5 34. dxc5+ Ke6 35. Rf8 Bb7 36. Rh8 Nd7 37. Rh7 Nf8 38. Rc7 Rc8 39. Rg7 f5 40. Bxa6 Nd7 41. gxf5+  1-0

[Event "Skakligaen"]
[Site "Danmark"]
[Date "2019.03.16"]
[Round "8.2"]
[White "Aabling Thomsen, Jakob"]
[Black "Hagen, Andreas Skytte"]
[Result "0-1"]
[WhiteElo "2369"]
[BlackElo "2367"]
[EventDate "2018.10.27"]
[EventType "team-tourn"]
[EventRounds "9"]
[EventCountry "Danmark"]
[WhiteTeam "Bronshoj"]
[BlackTeam "Aarhus/Skolerne"]
[WhiteTeamCountry "DEN"]
[BlackTeamCountry "DEN"]
[WhiteFideId "1407589"]
[BlackFideId "1407341"]

1. c4 Nf6 2. Nc3 g6 3. d4 Bg7 4. e4 d6 5. Nf3 O-O 6. Be3 e5 7. dxe5 dxe5 8. Qxd8 Rxd8 9. Nd5 Na6 10. O-O-O Bg4 11. Bg5 Rd6 12. Bxf6 Bxf6 13. Be2 Bxf3 14. Bxf3 Bg5+ 15. Kb1 c6 16. h4 Bd8 17. Ne3 Rxd1+ 18. Bxd1 Nc5 19. Bc2 Ne6 20. Ng4 Bc7 21. h5 Rd8 22. Kc1 Kg7 23. g3 f6 24. hxg6 hxg6 25. Rd1 Bd6 26. a3 a5 27. Rd3 Nd4 28. Bd1 Rh8 29. f4 Rh1 30. fxe5 Bxe5 31. Nxe5 fxe5 32. Kd2 c5 33. Kc3 Re1 34. b4 b6 35. bxc5 bxc5 36. Kd2 Rxe4 37. Re3 Rxe3 38. Kxe3 Kf6 39. Ke4 Ke6 40. Bg4+ Kd6 41. Bd1 Nf5 42. Kf3 Ke6 43. Kf2 Nd6 44. Be2 e4 45. g4 Kf6 46. Bf1 Kg5 47. Kg3 Nf7 48. Bg2 e3 49. Kf3 Ne5+ 50. Kxe3 Nxc4+ 51. Ke4 Kxg4 52. Bf3+ Kg3 53. Be2 Nxa3 54. Kd3 Kf4 55. Kc3 Ke3 56. Ba6 c4 57. Kb2 Kd2 58. Kxa3 c3  0-1

[Event "Skakligaen"]
[Site "Danmark"]
[Date "2019.03.16"]
[Round "8.3"]
[White "Skytte, Rasmus"]
[Black "Hoi, Carsten"]
[Result "1-0"]
[WhiteElo "2372"]
[BlackElo "2359"]
[EventDate "2018.10.27"]
[EventType "team-tourn"]
[EventRounds "9"]
[EventCountry "Danmark"]
[WhiteTeam "Aarhus/Skolerne"]
[BlackTeam "Bronshoj"]
[WhiteTeamCountry "DEN"]
[BlackTeamCountry "DEN"]
[WhiteFideId "1404210"]
[BlackFideId "1400100"]

1. e4 g6 2. d4 Bg7 3. Bc4 c6 4. Nc3 d5 5. exd5 b5 6. Bb3 b4 7. Nce2 cxd5 8. Nf3 Nf6 9. O-O O-O 10. Ne5 Bb7 11. a3 bxa3 12. Rxa3 Nbd7 13. Bf4 Nh5 14. Nxd7 Qxd7 15. Be3 Nf6 16. Nc3 Ne4 17. Nxe4 dxe4 18. Qa1 a6 19. Rd1 Kh8 20. Ra5 f5 21. Bf4 Rad8 22. Qa3 e3 23. fxe3 Qc6 24. Rd2 Rxd4 25. Bd5 Rxd5 26. Raxd5 Qb6 27. Rd7 g5 28. Qxe7 Qxb2 29. Rd8  1-0

[Event "Skakligaen"]
[Site "Danmark"]
[Date "2019.03.16"]
[Round "8.5"]
[White "Christensen, Tobias"]
[Black "Bromann, Thorbjorn"]
[Result "0-1"]
[WhiteElo "2351"]
[BlackElo "2395"]
[EventDate "2018.10.27"]
[EventType "team-tourn"]
[EventRounds "9"]
[EventCountry "Danmark"]
[WhiteTeam "Aarhus/Skolerne"]
[BlackTeam "Bronshoj"]
[WhiteTeamCountry "DEN"]
[BlackTeamCountry "DEN"]
[WhiteFideId "1400673"]
[BlackFideId "1403893"]

1. e4 e6 2. d4 d5 3. Nc3 Nf6 4. Bg5 dxe4 5. Nxe4 Nbd7 6. Nf3 h6 7. Nxf6+ Nxf6 8. Be3 Nd5 9. Bd2 c5 10. Bb5+ Bd7 11. Bxd7+ Qxd7 12. c4 Nb6 13. Rc1 cxd4 14. O-O Rc8 15. Ne5 Qd8 16. Re1 Bd6 17. b3 Qf6 18. f4 O-O 19. Qh5 Rfd8 20. Ng4 Qf5 21. Qxf5 exf5 22. Ne5 Bxe5 23. Rxe5 g6 24. Ba5 Rd5 25. Rce1 Rxe5 26. Rxe5 Nd7 27. Rd5 Nc5 28. Rxd4 b6 29. Bd2 Rc7 30. g3 Kg7 31. Bb4 Ne4 32. Rd8 g5 33. Bd6 Rc6 34. Be5+ f6 35. Rd7+ Kg6 36. Bd4 a6 37. fxg5 hxg5 38. Rb7 b5 39. Rb6 Rc8 40. cxb5 Rc1+ 41. Kg2 axb5 42. Rxb5 Rc2+ 43. Kg1 Rd2 44. Be3 Rxa2 45. Rd5 Rb2 46. Rd3 Kh5 47. Bd4 Rc2 48. h3 g4 49. hxg4+ Kxg4 50. b4 Nxg3 51. Bf2 f4 52. Be1 Kh3 53. Rd2 Rc1 54. Rh2+ Kg4 55. Kf2 Ne4+ 56. Kf1 f3 57. Rh4+ Kf5 58. Rh2 Kf4 59. Rb2 f2  0-1

[Event "Skakligaen"]
[Site "Danmark"]
[Date "2019.03.16"]
[Round "8.6"]
[White "Laursen, Niels Norskov"]
[Black "Ochsner, Thomas"]
[Result "1/2-1/2"]
[WhiteElo "2256"]
[BlackElo "2261"]
[EventDate "2018.10.27"]
[EventType "team-tourn"]
[EventRounds "9"]
[EventCountry "Danmark"]
[WhiteTeam "Bronshoj"]
[BlackTeam "Aarhus/Skolerne"]
[WhiteTeamCountry "DEN"]
[BlackTeamCountry "DEN"]
[WhiteFideId "1404709"]
[BlackFideId "1400711"]

1. e4 e5 2. Nf3 Nc6 3. Bc4 Bc5 4. c3 Nf6 5. d3 a6 6. O-O O-O 7. Re1 d6 8. a4 h6 9. h3 Ba7 10. Nbd2 Be6 11. b4 Qd7 12. Bxe6 fxe6 13. Nc4 g5 14. Be3 g4 15. hxg4 Nxg4 16. Bxa7 Rxa7 17. Ne3 Qg7 18. Nxg4 Qxg4 19. Re3 Raa8 20. Nh2 Qf4 21. Ra2 Kh7 22. Rf3 Qg5 23. Rg3 Qf4 24. Rf3 Qg5 25. Rg3 Qf4 26. Rf3  1/2-1/2

[Event "Skakligaen"]
[Site "Danmark"]
[Date "2019.03.16"]
[Round "8.8"]
[White "Vasli, Aref"]
[Black "Rendboe, John Filip"]
[Result "1/2-1/2"]
[WhiteElo "2357"]
[BlackElo "2170"]
[EventDate "2018.10.27"]
[EventType "team-tourn"]
[EventRounds "9"]
[EventCountry "Danmark"]
[WhiteTeam "Bronshoj"]
[BlackTeam "Aarhus/Skolerne"]
[WhiteTeamCountry "DEN"]
[BlackTeamCountry "DEN"]
[WhiteFideId "417521"]
[BlackFideId "1403664"]

1. e4 c5 2. Nf3 Nc6 3. d4 cxd4 4. Nxd4 e5 5. Nb5 Nf6 6. N1c3 d6 7. a4 a6 8. Na3 Bg4 9. Qd3 Nb4 10. Qg3 Be7 11. Bc4 Rc8 12. O-O O-O 13. Bb3 Qd7 14. Bg5 Nh5 15. Qh4 Bxg5 16. Qxg5 Nf4 17. f3 Be6 18. Rad1 Nbd3 19. Rxd3 Bxb3 20. Rd2 Bxa4 21. Rfd1 Ne6 22. Qf5 Nd4 23. Qxd7 Bxd7 24. Nd5 Rce8 25. Nb6 Bc6 26. c3 Nb5 27. Nxb5 Bxb5 28. Rxd6 f5 29. exf5 Rxf5 30. Nd5 Bc6 31. Nb4 Bb5 32. Rb6 Rf7 33. b3 Rc8 34. c4 Be8 35. Re6 b5 36. c5 a5 37. Nd5 Kf8 38. Rc1 a4 39. b4 a3 40. Ra6 Bc6 41. Nc3 Rf4 42. Rb1 Rc4 43. Rxa3 Rd8 44. Ne2 e4 45. Kf2 Rd3 46. Rxd3 exd3 47. Nc1 Rxb4 48. Nb3 Kf7 49. Ke3 Bd7 50. Nd2 Rxb1 51. Nxb1 Kf6 52. Nc3 g5 53. Ne4+ Ke5 54. Kxd3 Bf5 55. Kc3 g4 56. Nd6 gxf3 57. Nxf5 fxg2 58. Nh4 g1=N 59. Kb4 Kd5 60. Kxb5 Ne2 61. Nf3 Nc3+  1/2-1/2

[Event "Skakligaen"]
[Site "Danmark"]
[Date "2019.03.16"]
[Round "8.1"]
[White "Thybo, Jesper Sondergaard"]
[Black "Hansen, Sune Berg"]
[Result "0-1"]
[WhiteElo "2525"]
[BlackElo "2587"]
[EventDate "2018.10.27"]
[EventType "team-tourn"]
[EventRounds "9"]
[EventCountry "Danmark"]
[WhiteTeam "Jetsmark"]
[BlackTeam "Hillerod"]
[WhiteTeamCountry "DEN"]
[BlackTeamCountry "DEN"]
[WhiteFideId "1438832"]
[BlackFideId "1400266"]

1. d4 Nf6 2. c4 e6 3. Nf3 b6 4. g3 Ba6 5. Qb3 Nc6 6. Nbd2 Na5 7. Qc3 d5 8. c5 Rc8 9. b4 Nc4 10. Nxc4 dxc4 11. Bg2 c6 12. Ne5 Nd5 13. Qa3 Nxb4 14. Qxb4 Qxd4 15. Bxc6+ Rxc6 16. Nxc6 Qd5 17. O-O Qxc6 18. Be3 Be7 19. Qa3 bxc5 20. Rab1 O-O 21. f3 h5 22. Kf2 Rc8 23. Rfd1 Bf6 24. Bf4 e5 25. Bd2 e4 26. Bc3 Re8 27. Bxf6 Qxf6 28. Qe3 Re6 29. f4 Qf5 30. Rb8+ Kh7 31. Rbd8 c3 32. Kg2 c2 33. Rc1 h4 34. Rxc2 hxg3 35. Rxc5 Qg4 36. Rg5 Qxe2+ 37. Qxe2 Bxe2 38. hxg3 f6 39. Ra5 e3 40. Ra3 Bg4 41. Kf1 e2+ 42. Ke1 Rc6  0-1

[Event "Skakligaen"]
[Site "Danmark"]
[Date "2019.03.16"]
[Round "8.3"]
[White "Thogersen, Rasmus"]
[Black "Borge, Nikolaj"]
[Result "0-1"]
[WhiteElo "2298"]
[BlackElo "2372"]
[EventDate "2018.10.27"]
[EventType "team-tourn"]
[EventRounds "9"]
[EventCountry "Danmark"]
[WhiteTeam "Jetsmark"]
[BlackTeam "Hillerod"]
[WhiteTeamCountry "DEN"]
[BlackTeamCountry "DEN"]
[WhiteFideId "1431412"]
[BlackFideId "1400312"]

1. e4 c5 2. Nf3 e6 3. d4 cxd4 4. Nxd4 Nf6 5. Nc3 Nc6 6. Ndb5 Bb4 7. a3 Bxc3+ 8. Nxc3 d5 9. exd5 exd5 10. Bd3 O-O 11. O-O d4 12. Ne2 Bg4 13. Bg5 h6 14. Bh4 Bxe2 15. Qxe2 Re8 16. Qd2 Ne4 17. Qf4 g5 18. Qf5 Re5 19. Qf3 Nd2 20. Qh5 gxh4 21. Qxh6 Ne4 22. f4 Re6 23. Qh5 Qf6 24. Rae1 Rae8 25. Qg4+ Qg7 26. Qxh4 Nd2 27. f5 Rxe1 28. Rxe1 Nf3+ 29. Kf2 Nxe1  0-1

[Event "Skakligaen"]
[Site "Danmark"]
[Date "2019.03.16"]
[Round "8.4"]
[White "Jaksland, Tim"]
[Black "Rathlev, Jakob"]
[Result "1/2-1/2"]
[WhiteElo "2228"]
[BlackElo "2228"]
[EventDate "2018.10.27"]
[EventType "team-tourn"]
[EventRounds "9"]
[EventCountry "Danmark"]
[WhiteTeam "Hillerod"]
[BlackTeam "Jetsmark"]
[WhiteTeamCountry "DEN"]
[BlackTeamCountry "DEN"]
[WhiteFideId "1401084"]
[BlackFideId "1405284"]

1. Nf3 d5 2. c4 e6 3. g3 Nf6 4. Bg2 Be7 5. O-O O-O 6. b3 b6 7. cxd5 exd5 8. Bb2 Bb7 9. d4 c5 10. Nc3 Nc6 11. Rc1 Rc8 12. e3 Qc7 13. dxc5 bxc5 14. Nh4 d4 15. Na4 Ba6 16. exd4 Rfd8 17. Nf5 Bxf1 18. Qxf1 Bf8 19. dxc5 Rd2 20. Qc4 Qd7 21. Bh3 Rd1+ 22. Kg2 Rxc1 23. Bxc1 Qb7 24. f3 Rd8 25. Bf4 Rd1 26. Nc3 Ra1 27. Nd6 Qe7 28. Nxf7 Na5 29. Nh6+ Kh8 30. Nf7+ Kg8 31. Nh6+ Kh8 32. Nf7+ Kg8 33. Nh6+  1/2-1/2

[Event "Skakligaen"]
[Site "Danmark"]
[Date "2019.03.16"]
[Round "8.5"]
[White "Rosenkilde, Alexander"]
[Black "Ostergaard, Jens"]
[Result "0-1"]
[WhiteElo "2253"]
[BlackElo "2206"]
[EventDate "2018.10.27"]
[EventType "team-tourn"]
[EventRounds "9"]
[EventCountry "Danmark"]
[WhiteTeam "Jetsmark"]
[BlackTeam "Hillerod"]
[WhiteTeamCountry "DEN"]
[BlackTeamCountry "DEN"]
[WhiteFideId "1408488"]
[BlackFideId "1400606"]

1. d4 Nf6 2. c4 e6 3. g3 d5 4. Nf3 Bb4+ 5. Bd2 Bd6 6. Bg2 O-O 7. O-O c6 8. Qc2 b6 9. Bg5 h6 10. Bxf6 Qxf6 11. Nbd2 Ba6 12. e4 Qd8 13. Rfd1 Bb7 14. Rac1 Nd7 15. e5 Be7 16. cxd5 cxd5 17. Bf1 a6 18. Qb3 b5 19. a4 b4 20. Bd3 a5 21. Bb1 Ba6 22. Qc2 g6 23. Nf1 Kg7 24. b3 Rc8 25. Qd2 Qb6 26. Ne3 Rc3 27. h4 h5 28. g4 Rh8 29. Rxc3 bxc3 30. Qxc3 Be2 31. Nh2 Bxd1 32. Nxd1 hxg4 33. Nxg4 Rxh4 34. Nde3 Qb4 35. Qxb4 Bxb4 36. f3 Bc3 37. Nc2 f5 38. exf6+ Nxf6 39. Ne5 Rxd4 40. Ne3 Rd2 41. Nc6 d4 42. Nf1 Rb2 43. Bd3 Nd5 44. Ng3 Nf4 45. Bf1 d3 46. Ne4 Bf6  0-1

[Event "Skakligaen"]
[Site "Danmark"]
[Date "2019.03.16"]
[Round "8.6"]
[White "Nordenbaek, Jan"]
[Black "Grubert, Christian"]
[Result "1-0"]
[WhiteElo "2188"]
[BlackElo "2161"]
[EventDate "2018.10.27"]
[EventType "team-tourn"]
[EventRounds "9"]
[EventCountry "Danmark"]
[WhiteTeam "Hillerod"]
[BlackTeam "Jetsmark"]
[WhiteTeamCountry "DEN"]
[BlackTeamCountry "DEN"]
[WhiteFideId "1401475"]
[BlackFideId "1406744"]

1. e4 c5 2. Nf3 g6 3. c3 Bg7 4. d4 cxd4 5. cxd4 d5 6. e5 Nc6 7. h3 Nh6 8. Nc3 O-O 9. Bb5 f6 10. O-O Nf7 11. exf6 Bxf6 12. Re1 e6 13. b3 Qa5 14. Bb2 Nd6 15. Bxc6 bxc6 16. Rc1 Bd7 17. Qd2 Qd8 18. Ba3 Be7 19. Qd3 Nf5 20. Bxe7 Qxe7 21. Na4 Qf6 22. Nc5 Bc8 23. Rc2 Rf7 24. Ne5 Rc7 25. Rce2 Rb8 26. a3 Rb6 27. b4 Re7 28. Ng4 Qg7 29. Nxe6 Bxe6 30. Rxe6 Rxe6 31. Rxe6 Qxd4 32. Nh6+ Kf8 33. Qf3 Rb7 34. Nxf5 gxf5 35. Rxc6 Rf7 36. Rc8+ Kg7 37. Qg3+ Kh6 38. Rc6+ Rf6 39. Qe3+ Qxe3 40. Rxf6+ Kg7 41. Rf7+ Kxf7 42. fxe3 Ke6 43. Kf2 Ke5 44. Ke2 Ke4 45. a4 d4 46. b5  1-0

[Event "Skakligaen"]
[Site "Danmark"]
[Date "2019.03.16"]
[Round "8.2"]
[White "Kristensen, Leif Sogaard"]
[Black "Jepson, Christian"]
[Result "0-1"]
[WhiteElo "2309"]
[BlackElo "2391"]
[EventDate "2018.10.27"]
[EventType "team-tourn"]
[EventRounds "9"]
[EventCountry "Danmark"]
[WhiteTeam "Evans"]
[BlackTeam "Nordkalotten"]
[WhiteTeamCountry "DEN"]
[BlackTeamCountry "DEN"]
[WhiteFideId "1406809"]
[BlackFideId "1701185"]

1. e4 e5 2. Bc4 Nf6 3. d3 c6 4. Nf3 d5 5. Bb3 a5 6. a3 a4 7. Ba2 Bd6 8. Nc3 Be6 9. O-O O-O 10. Bg5 d4 11. Ne2 h6 12. Bh4 c5 13. Nd2 Nc6 14. Bxe6 fxe6 15. f4 exf4 16. Bxf6 Rxf6 17. c3 e5 18. cxd4 exd4 19. Rc1 Qe7 20. h3 Ne5 21. Nf3 b5 22. Kh1 Nxf3 23. Rxf3 Qe6 24. Qd2 g5 25. Rcf1 Be5 26. Ng1 h5 27. h4 g4 28. Rxf4 Bxf4 29. Rxf4 Raf8 30. Ne2 g3  0-1

[Event "Skakligaen"]
[Site "Danmark"]
[Date "2019.03.16"]
[Round "8.3"]
[White "Kristensen, Kaare Hove"]
[Black "Borovnica, Tihomir"]
[Result "1-0"]
[WhiteElo "2254"]
[BlackElo "2226"]
[EventDate "2018.10.27"]
[EventType "team-tourn"]
[EventRounds "9"]
[EventCountry "Danmark"]
[WhiteTeam "Nordkalotten"]
[BlackTeam "Evans"]
[WhiteTeamCountry "DEN"]
[BlackTeamCountry "DEN"]
[WhiteFideId "1400940"]
[BlackFideId "1434888"]

1. Nf3 Nf6 2. c4 g6 3. Nc3 Bg7 4. e4 d6 5. d4 O-O 6. Be2 e5 7. O-O Nbd7 8. dxe5 dxe5 9. b4 c6 10. a4 a5 11. b5 Nc5 12. Qc2 Re8 13. Rd1 Nfd7 14. Ba3 Qf6 15. Ra2 Bf8 16. Qb1 Be7 17. h3 Nf8 18. Qc1 Nfe6 19. Qe3 Qg7 20. Nd5 cxd5 21. exd5 Nd4 22. d6 Bxd6 23. Nxd4 Bf8 24. Nf5 Bxf5 25. Bxc5 Rac8 26. Bxf8 Qxf8 27. Qb6 Qb4 28. Qxb7 e4 29. Qb6 Qb3 30. Rad2 Qxa4 31. Rd8 Rcxd8 32. Rxd8 Qa1+ 33. Rd1 Qb2 34. Bf1 a4 35. Qd4 Qxd4 36. Rxd4 a3 37. Rd2 e3 38. Ra2 Bb1 39. Ra1 a2 40. fxe3 Rxe3 41. c5 Rb3 42. b6 Kf8 43. Bc4 Rb2 44. Bxa2 Bxa2 45. Rxa2 Rxa2 46. b7 Rb2 47. c6 Kg7 48. c7 Rxb7 49. c8=Q Rb1+ 50. Kh2 h5 51. Qc3+ Kg8 52. Kg3 Rf1 53. Qd3 Rc1 54. Kh4 Kh7 55. Kg5 Rg1 56. Qf3  1-0

[Event "Skakligaen"]
[Site "Danmark"]
[Date "2019.03.16"]
[Round "8.5"]
[White "Sylvan, Jacob"]
[Black "Skaanning Pedersen, Kim Henrik"]
[Result "1/2-1/2"]
[WhiteElo "2330"]
[BlackElo "2200"]
[EventDate "2018.10.27"]
[EventType "team-tourn"]
[EventRounds "9"]
[EventCountry "Danmark"]
[WhiteTeam "Nordkalotten"]
[BlackTeam "Evans"]
[WhiteTeamCountry "DEN"]
[BlackTeamCountry "DEN"]
[WhiteFideId "1402137"]
[BlackFideId "1403699"]

1. e4 c5 2. Nf3 g6 3. d4 cxd4 4. Nxd4 Nc6 5. Be3 Bg7 6. Nc3 Nf6 7. Bc4 Qa5 8. O-O O-O 9. Bb3 d6 10. h3 Bd7 11. Re1 Rac8 12. f4 Nxd4 13. Bxd4 Bc6 14. Qe2 Nd7 15. e5 e6 16. Qe3 dxe5 17. fxe5 b5 18. a3 Nb6 19. Rad1 Rfd8 20. Qf2 Rd7 21. Ne4 Bxe4 22. Rxe4 Rcd8 23. c3 Nc4 24. Rde1 Qc7 25. a4 Na5 26. Bd1 Nc6 27. axb5 Nxd4 28. cxd4 Qb6 29. Rf1  1/2-1/2

[Event "Skakligaen"]
[Site "Danmark"]
[Date "2019.03.16"]
[Round "8.6"]
[White "Skjoldager, Per"]
[Black "Hove, Esben Kjems"]
[Result "0-1"]
[WhiteElo "2049"]
[BlackElo "2315"]
[EventDate "2018.10.27"]
[EventType "team-tourn"]
[EventRounds "9"]
[EventCountry "Danmark"]
[WhiteTeam "Evans"]
[BlackTeam "Nordkalotten"]
[WhiteTeamCountry "DEN"]
[BlackTeamCountry "DEN"]
[WhiteFideId "1408828"]
[BlackFideId "1401505"]

1. e4 c6 2. d4 d5 3. e5 Bf5 4. Nc3 e6 5. g4 Bg6 6. Nge2 c5 7. h4 h5 8. Nf4 Bh7 9. Nxh5 cxd4 10. Qxd4 Nc6 11. Bb5 a6 12. Bxc6+ bxc6 13. Bg5 Qa5 14. Bd2 c5 15. Qf4 Qc7 16. Qa4+ Qd7 17. Qxd7+ Kxd7 18. O-O-O Kc6 19. f4 Nh6 20. Rhg1 Bg6 21. f5 Bxh5 22. Bxh6 Rxh6 23. gxh5 d4 24. Ne4 exf5 25. Ng5 Rxh5 26. Nxf7 Rxh4 27. Rg6+ Kd5 28. b3 Rg4 29. c4+ Ke4 30. Re1+ Kf3 31. Ng5+ Kf2 32. Kd2 Be7 33. Nh3+ Kg3 34. Re6 Bd8  0-1

[Event "Skakligaen"]
[Site "Danmark"]
[Date "2019.03.16"]
[Round "8.7"]
[White "Nielsen, Lars Aaes"]
[Black "Firooznia, Farzam"]
[Result "1-0"]
[WhiteElo "2229"]
[BlackElo "2104"]
[EventDate "2018.10.27"]
[EventType "team-tourn"]
[EventRounds "9"]
[EventCountry "Danmark"]
[WhiteTeam "Nordkalotten"]
[BlackTeam "Evans"]
[WhiteTeamCountry "DEN"]
[BlackTeamCountry "DEN"]
[WhiteFideId "1401726"]
[BlackFideId "1439154"]

1. e4 c5 2. Nf3 g6 3. c3 Bg7 4. d4 cxd4 5. cxd4 d5 6. exd5 Nf6 7. Bb5+ Nbd7 8. d6 O-O 9. O-O exd6 10. Nc3 a6 11. Bd3 Nb6 12. h3 Bd7 13. Bg5 h6 14. Bh4 Bc6 15. Re1 Nbd5 16. Bg3 Qd7 17. Rc1 Rfe8 18. Bb1 Rxe1+ 19. Nxe1 Re8 20. Qb3 Re6 21. Nd3 Qe7 22. a3 Nxc3 23. bxc3 Nh5 24. d5 Nxg3 25. fxg3 Re2 26. dxc6 Qe3+ 27. Kh2 Be5 28. Nxe5 Qxe5 29. Rf1  1-0

[Event "Skakligaen"]
[Site "Danmark"]
[Date "2019.03.16"]
[Round "8.8"]
[White "Pedersen, Lars"]
[Black "Jakobsen, Peter"]
[Result "0-1"]
[WhiteElo "2093"]
[BlackElo "2237"]
[EventDate "2018.10.27"]
[EventType "team-tourn"]
[EventRounds "9"]
[EventCountry "Danmark"]
[WhiteTeam "Evans"]
[BlackTeam "Nordkalotten"]
[WhiteTeamCountry "DEN"]
[BlackTeamCountry "DEN"]
[WhiteFideId "1410440"]
[BlackFideId "1401440"]

1. Nf3 Nf6 2. c4 c5 3. g3 b6 4. Bg2 Bb7 5. O-O e6 6. Nc3 Be7 7. Re1 d5 8. cxd5 exd5 9. d4 O-O 10. b3 Nbd7 11. Bb2 Re8 12. Rc1 Rc8 13. e3 Nf8 14. Ne5 Ne6 15. a3 a6 16. Kh1 Bf8 17. f4 b5 18. dxc5 Bxc5 19. b4 Bb6 20. a4 Qe7 21. axb5 axb5 22. Nxd5 Bxd5 23. Bxd5 Rxc1 24. Bxc1 Qxb4 25. Bf3 Ne4 26. Qe2 Rc8 27. Rf1 h6 28. Qd3 Rxc1 29. Bxe4 Rxf1+ 30. Kg2 Rc1 31. Bh7+ Kf8 32. Nd7+ Ke7 33. Nxb6 Qd6 34. Qxb5 Rc5 35. Qb3 g6 36. f5 Qc6+ 37. Kh3 Ng5+  0-1

[Event "Skakligaen"]
[Site "Danmark"]
[Date "2019.03.17"]
[Round "9.1"]
[White "Rodgaard, John"]
[Black "Mikkelsen, Nikolaj"]
[Result "0-1"]
[WhiteElo "2281"]
[BlackElo "2459"]
[EventDate "2018.10.27"]
[EventType "team-tourn"]
[EventRounds "9"]
[EventCountry "Danmark"]
[WhiteTeam "Evans"]
[BlackTeam "BMS"]
[WhiteTeamCountry "DEN"]
[BlackTeamCountry "DEN"]
[WhiteFideId "7200013"]
[BlackFideId "1407970"]

1. Nf3 Nf6 2. c4 g6 3. Nc3 Bg7 4. e3 O-O 5. d4 c5 6. d5 e6 7. e4 exd5 8. exd5 d6 9. Be2 Bf5 10. O-O Ne4 11. Nxe4 Bxe4 12. Bd3 Bxf3 13. Qxf3 Nd7 14. Qd1 Re8 15. Qc2 Bd4 16. Bd2 Qf6 17. Rab1 Ne5 18. Be2 Re7 19. Kh1 Qh4 20. g3 Qh3 21. Bg5 Ree8 22. Bf4 Rad8 23. Rbe1 Rd7 24. b3 Rde7 25. Qb1 h6 26. Kg1 Kg7 27. Bxe5+ Rxe5 28. Qd3 Qd7 29. Kg2 Qe7 30. Kf3 h5 31. h4 a6 32. a4 a5 33. Qd2 Re3+ 34. fxe3 Qe4+ 35. Kf2 Bxe3+ 36. Qxe3 Qxe3+ 37. Kg2 Qd2 38. Kf2 Re3 39. Rg1 Rxb3 40. Rg2 Qd4+ 41. Kf1 Ra3  0-1